000 00820nam a2200241Ii 4500
003 JO-AjNU
008 230605s9999||||xx |||||||||||||| ||und||
017 _a2015/19217
020 _a978-977-04-7886-8
040 _aJO-AjNU
_bara
_erda
_cJO-AjNU
041 _aara
050 1 4 _aK5064.A358.2016
100 3 _aالعادلي، محمود صالح,
_eauthor
_952986
245 0 0 _aالمحامي وجريمة إفشاء أسرار المهنة
250 _aط1
264 3 1 _aالقاهرة : دار النهضة العربية ، 2016
300 _a260ص
336 _atext
_btxt
_2rdacontent
337 _aunmediated
_bn
_2rdamedia
338 _avolume
_bnc
_2rdacarrier
490 0 _aموسوعة العادلي الجنائية (1)
650 4 _aالمحامي -- جريمة إفشاء الأسرار
_952987
999 _aA23504
_c27072
_d27072